Egypt on the brink from Nasser to Mubarak
Salvato in:
| Autore principale: | |
|---|---|
| Natura: | Libro |
| Lingua: | inglese |
| Pubblicazione: |
New Haven
Yale University Press
2010
|
| Soggetti: | |
| Tags: |
Nessun Tag, puoi essere il primo ad aggiungerne!!
|
MARC
| LEADER | 00000nam a2200000 4500 | ||
|---|---|---|---|
| 001 | 0177678 | ||
| 005 | 20240306135644.2 | ||
| 020 | |a 978-0-300-16275-2 | ||
| 041 | 0 | |a eng | |
| 044 | |a US | ||
| 245 | 1 | 0 | |a Egypt on the brink |b from Nasser to Mubarak |c Tarek Osman |
| 264 | 1 | |a New Haven |b Yale University Press |c 2010 | |
| 300 | |a xi, 282 s. | ||
| 610 | 2 | 0 | |a Egypt |
| 610 | 2 | 0 | |a história |
| 610 | 2 | 0 | |a podmienky sociálne |
| 610 | 2 | 0 | |a situácia sociálna |
| 610 | 2 | 0 | |a spoločnosť |
| 610 | 2 | 0 | |a situácia politická |
| 610 | 2 | 0 | |a islam |
| 610 | 2 | 0 | |a kresťania |
| 610 | 2 | 0 | |a nacionalizmus |
| 610 | 2 | 0 | |a kapitalizmus |
| 100 | 1 | |a Osman, Tarek | |